Κοινωνικές ρίζες της δικτατορίας και της δημοκρατίας : γαιοκτήμονες και αγρότες στη διαμόρφωση του σύγχρονου κόσμου
Αποθηκεύτηκε σε:
| Κύριος συγγραφέας: | |
|---|---|
| Άλλοι συγγραφείς: | , |
| Μορφή: | Βιβλίο |
| Γλώσσα: | Greek English |
| Δημοσίευση: |
Αθήνα :
Κάλβος,
1984.
|
| Θέματα: | |
| Ετικέτες: |
Προσθήκη ετικέτας
Δεν υπάρχουν, Καταχωρήστε ετικέτα πρώτοι!
|
MARC
| LEADER | 00000cam a2200000 i 4500 | ||
|---|---|---|---|
| 001 | 1/88848 | ||
| 008 | 960508s1984 gr | ||| |||| ||gre|| | ||
| 035 | |a 1986 |c Αγορά |l 10007052 | ||
| 040 | |a GR-MyUA |b gre |e AACR2 | ||
| 041 | 1 | |a gre |h eng | |
| 082 | 0 | |a 305.5 | |
| 100 | 1 | |a Moore, Barrington, |d 1913-2005. | |
| 245 | 1 | 0 | |a Κοινωνικές ρίζες της δικτατορίας και της δημοκρατίας : |b γαιοκτήμονες και αγρότες στη διαμόρφωση του σύγχρονου κόσμου / |c Barrington Moore ; μετάφραση Φ. Ρ. Σοφιανός, Αγγελική Γαβριηλίδου. |
| 260 | |a Αθήνα : |b Κάλβος, |c 1984. | ||
| 300 | |a 622 σ. | ||
| 504 | |a Περιέχει βιβλιογραφία. | ||
| 650 | 0 | 0 | |a Social history |x Modern. |
| 650 | 0 | 0 | |a Economic history. |
| 650 | 0 | 0 | |a Revolutions. |
| 650 | 0 | 0 | |a Social classes. |
| 650 | 0 | 0 | |a Social history. |
| 650 | 0 | 0 | |a Democracy. |
| 650 | 0 | 0 | |a Capitalism. |
| 651 | 0 | |a Asia |x Politics and government. | |
| 700 | 1 | |a Σοφιανός, Φώτης Ρ. |e trl | |
| 700 | 1 | |a Γαβριηλίδου, Αγγελική, |e trlf | |
| 765 | 0 | 8 | |i Μετάφραση του: |t Social origins of dictatorship and democracy : |
| 852 | |a INST |b CHIOS |e 19960508 |h 305.5 MOO |p 005200000190 |q 005200000190 |t BK |y 0 | ||
| 852 | |a INST |b LESVOS |e 19961112 |h 306.2 MΟΟ |p 005100012549 |q 005100012549 |t BK |y 4 |x 20200316 | ||
| 852 | |a INST |b LESVOS |e 19961112 |h 306.2 ΜΟΟ |p 005100012550 |q 005100012550 |t BK |y 0 | ||
| 852 | |a INST |b RHODES |e 19960704 |h 305.5 MOO |p 005400004501 |q 005400004501 |t BK |y 0 | ||
| 909 | |a Λ |b 007067 | ||
| 909 | |a Ρ |b 003397 | ||
| 909 | |a Χ |b 007625 | ||